| 000 | 00739nam a22001937a 4500 | ||
|---|---|---|---|
| 005 | 20230925104245.0 | ||
| 010 | _aENG-134891 | ||
| 020 | _a9789354424427 | ||
| 035 | _aEN-118423 | ||
| 037 | _bDBAD/PUB | ||
| 082 | _a954.035 | ||
| 245 |
_aSubhas chandra bose: _bThe Alternative Leadership/ _cedited by Sisir Kumar Bose and Sugata Bose |
||
| 260 |
_aTelengana _bOrient blackswan private limited _c2023 |
||
| 270 |
_a3-6-752 Himayatnagar,hyderabad _bhyderabad _e500029 _mcentraloffice@orientblackswan.com |
||
| 300 |
_a244p. _c22cm(pbk) |
||
| 500 | _aSpeeches ,Articles, Statements and Letters June 1939-January 1941 | ||
| 700 |
_aedit by Bose, Sisir Kumar and Bose, Sugata _957353 |
||
| 942 |
_2ddc _cEN _h954.035 _mSUB |
||
| 999 |
_c191794 _d191794 |
||